عرض عادي عرض مارك
  • العقل (علم نفس)

دخول Topical Term

عدد التسجيلات المستخدمة: 1

001 - CONTROL NUMBER

  • control field: 29294

003 - CONTROL NUMBER IDENTIFIER

  • control field: AE-AdECS

005 - DATE AND TIME OF LATEST TRANSACTION

  • control field: 20260424095305.0

008 - FIXED-LENGTH DATA ELEMENTS

  • fixed length control field: 260424|| aca||aabn | a|a d

040 ## - CATALOGING SOURCE

  • Original cataloging agency: AE-AdECS
  • Transcribing agency: AE-AdECS

150 ## - HEADING--TOPICAL TERM

  • Topical term or geographic name entry element: العقل (علم نفس)
  • General subdivision: والهوية الذاتية

670 ## - SOURCE DATA FOUND

  • Source citation: Work cat.: (AE-AdECS)294916: الغامدي، رسمية بنت علي آل ردهان مؤلفة. 29291, الأمن الفكري وحماية الشباب :

أبوظبي، الإمارات العربية المتحدة

reference@ecssr.ae

97124044780 +

حقوق النشر © 2026 مركز الإمارات للدراسات والبحوث الاستراتيجية جميع الحقوق محفوظة